| 000 | 00335nam a22001217a 4500 | ||
|---|---|---|---|
| 082 |
_a363.7392 _bCAT _cD |
||
| 245 |
_aCatching our breath/ _cEdward M. |
||
| 260 |
_aWahington : _bGovernment Printing Office, _c1989. |
||
| 300 |
_ax, 237 p. : _bill. ; |
||
| 526 |
_a0 _b0 _c0 _d363_739200000000000_CAT |
||
| 650 | _aMCE (D) | ||
| 942 |
_2ddc _cBK |
||
| 999 |
_c542849 _d542849 |
||